书目信息 |
| 题名: |
运动群
|
|
| 作者: | 张远达 著 | |
| 分册: | ||
| 出版信息: | 上海 上海教育出版社 1980 |
|
| 页数: | 83页 | |
| 开本: | 19cm | |
| 丛书名: | ||
| 单 册: | ||
| 中图分类: | O152 , O152.1 | |
| 科图分类: | ||
| 主题词: | 运动群 , 代数 , 数论 , 组合数学 | |
| 电子资源: | ||
| ISBN: | ||
| 000 | 00688nam0 2200289 45 | |
| 001 | 0180005039 | |
| 005 | 20040517162255.5 | |
| 010 | @dCNY0.23 | |
| 091 | @a7150.2244 | |
| 100 | @a19950512d1980 em y0chiy0121 ea | |
| 101 | 0 | @achi |
| 102 | @aCN@b310000 | |
| 105 | @ay z 000yy | |
| 106 | @ar | |
| 200 | 10 | @a运动群@Ayun dong qun@f张远达著 |
| 210 | @a上海@c上海教育出版社@d1980 | |
| 215 | @a83页@d19cm | |
| 606 | @a运动群 | |
| 606 | 0 | @a代数 |
| 606 | 0 | @a数论 |
| 606 | 0 | @a组合数学 |
| 690 | @aO152@v3 | |
| 690 | @aO152.1 | |
| 701 | 0 | @a张远达@Azhang yuan da@4著 |
| 801 | 0 | @aCN@b上海图书馆@c20040517 |
| 801 | 2 | @aCN@bNLC@c20040517 |
| 905 | @f2@b30333-334@dO152.1@e21 | |
| 运动群/张远达著.-上海:上海教育出版社,1980 |
| 83页;19cm |
| ISBN :CNY0.23 |
| ● |
| 相关链接 |
|
|
|
|
正题名:运动群
索取号:O152.1/21
 
预约/预借
| 序号 | 登录号 | 条形码 | 馆藏地/架位号 | 状态 | 备注 |
| 1 | 0029205 | 000412315 | 密集书库/ [索取号:O152.1/21] | 在馆 | |
| 2 | 0030333 | 000414705 | 第二样本阅览室/ [索取号:O152.1/21] | 在馆 | |
| 3 | 0030334 | 000414698 | 第三借阅区/ [索取号:O152.1/21] | 在馆 | |
| 4 | 0030335 | 000414714 | 第二样本阅览室/ [索取号:O152.1/21] | 在馆 |